01661cam a2200325 4500008004100000010001600041020001500057040001800072050001900090082001200109092002800121099002700149130005800176245027100234260005200505300002500557500016500582650003500747700006000782710003400842710013300876710002501009710012101034902000601155905001601161905001601177942001301193999001901206952011001225700105s1970 ilu 001 0 eng  a 70141624 a0838930115 aDLCcDLCdDLC00aZ694b.A5 197000a025.3/204a025.32bA5896s 1970221 a04a025.32 A5896s 19700 aAnglo-American cataloging rules (North American text)00aAnglo-American cataloging rules.cPrepared by the American Library Association, the Library of Congress, the Library Association, and the Canadian Library Association. North American text with supplement of additions and changes. [General editor: C. Sumner Spalding] aChicago,bAmerican Library Associationc[1970]. axxii, 409 p.c27 cm. aSupersedes the A.L.A. cataloging rules for author and title entries, and includes a revision of the Rules for descriptive cataloging in the Library of Congress. 0aDescriptive catalogingxRules.1 aSpalding, C. Sumnerq(Charles Sumner),d1912-1997,eed.2 aAmerican Library Association.2 aAmerican Library Association.bDivision of Cataloging and Classification.tA.L.A. cataloging rules for author and title entries.2 aLibrary of Congress.2 aLibrary of Congress.bDescriptive Cataloging Division.tRules for descriptive cataloging in the Library of Congress. a1 aGhadaeCat. aJihaneRev. 2ddccREF c152079d152079 2ddc70aCUCLbcl228d2024-02-11o025.32 A5896s 1970 Ref. C.1p01000110203914000r2023-09-23 00:00:00yREF